Statistics for FIFA Ballon D'Or 2012

Click here to take the quiz!

General Stats

  • This quiz has been taken 92 times
  • The average score is 17 of 23

Answer Stats

RankPlayerClub% Correct
3Andrés IniestaBarcelona
100%
2Cristiano RonaldoReal Madrid
100%
1Lionel MessiBarcelona
100%
4XaviBarcelona
100%
13NeymarSantos
95%
17Sergio AgüeroManchester City
91%
18Sergio RamosReal Madrid
81%
22Karim BenzemaReal Madrid
77%
10Zlatan IbrahimovićMilan/PSG
77%
9Robin van PersieArsenal/Man United
74%
16Gianluigi BuffonJuventus
69%
6Iker CasillasReal Madrid
68%
21Gerard PiquéBarcelona
67%
12Yaya TouréManchester City
67%
19Manuel NeuerBayern Munich
64%
15Wayne RooneyManchester United
64%
7Andrea PirloJuventus
62%
8Didier DrogbaChelsea/Shanghai Shenhua
62%
14Mesut ÖzilReal Madrid
62%
11Xabi AlonsoReal Madrid
54%
20Sergio BusquetsBarcelona
53%
5Radamel FalcaoAtletico Madrid
52%
23Mario BalotelliManchester City
35%

Score Distribution

Percentile by Number Answered

Percent of People with Each Score

Your Score History

You have not taken this quiz